000 00533nam a2200217Ia 4500
008 220204s9999 xx 000 0 und d
082 _a581.4
_bHAL
100 _aHALL, J L
245 0 _aPlant cell structure and metabolism
260 _aLondon
_bLongman Group Ltd
_c1974
650 _aCell membrane
650 _aChloroplast
650 _aGolgi body
650 _aLysosome
650 _aMicrobodies
650 _aMitochondria
650 _aNucleus
650 _aPlant cell structure
650 _aRibosome
942 _cBK
999 _c24449
_d24449